LEADER 00726nam0-2200253 --450 001 9910363359703321 005 20200115145736.0 010 $a9781-107-41455-6$BPaperback 100 $a20200115d2014----kmuy0itay5050 ba 101 0 $aeng$arus 102 $aGB 105 $a 001yy 200 1 $a<>syntax of Russian$fJohn Frederick Bailyn 210 $aCambridge$cCambridge University Press$d2014 215 $aXVIII, 373 p.$d23 cm 225 1 $aCambridge syntax guides 700 1$aBailyn,$bJohn F.$0770000 801 0$aIT$bUNINA$gREICAT$2UNIMARC 901 $aBK 912 $a9910363359703321 952 $a491.7 BAI 1$b2019/2033$fFLFBC 959 $aFLFBC 996 $aSyntax of Russian$91570450 997 $aUNINA